Successful direct mail / (Record no. 559)
[ view plain ]
| 000 -LEADER | |
|---|---|
| fixed length control field | 00730nam a2200241 a 4500 |
| 001 - CONTROL NUMBER | |
| control field | 559 |
| 005 - DATE AND TIME OF LATEST TRANSACTION | |
| control field | 20221127085953.0 |
| 008 - FIXED-LENGTH DATA ELEMENTS--GENERAL INFORMATION | |
| fixed length control field | 050920s lxxua 00100|ara d |
| 020 ## - INTERNATIONAL STANDARD BOOK NUMBER | |
| International Standard Book Number | 0764100742 : |
| Terms of availability | SR 14.00 |
| 035 ## - SYSTEM CONTROL NUMBER | |
| System control number | 572 |
| 082 04 - DEWEY DECIMAL CLASSIFICATION NUMBER | |
| Classification number | 658.872 |
| Item number | F375 1997 |
| 100 1# - MAIN ENTRY--PERSONAL NAME | |
| Personal name | Ferdi, Liz. |
| 245 10 - TITLE STATEMENT | |
| Title | Successful direct mail / |
| Statement of responsibility, etc. | L. Ferdi. |
| 246 0# - VARYING FORM OF TITLE | |
| Title proper/short title | Successful direct mail in a week. |
| 260 ## - PUBLICATION, DISTRIBUTION, ETC. | |
| Place of publication, distribution, etc. | Hauppauge, N.Y. : |
| Name of publisher, distributor, etc. | Barron's, |
| Date of publication, distribution, etc. | 1997. |
| 300 ## - PHYSICAL DESCRIPTION | |
| Extent | iv, 100 p. : |
| Other physical details | ill. ; |
| Dimensions | 20 cm. |
| 440 #0 - SERIES STATEMENT/ADDED ENTRY--TITLE | |
| Title | College teaching series. |
| 500 ## - GENERAL NOTE | |
| General note | Includes index. |
| 500 ## - GENERAL NOTE | |
| General note | Originally published under : Successful direct mail in a week. 1995 |
| 650 #4 - SUBJECT ADDED ENTRY--TOPICAL TERM | |
| Topical term or geographic name entry element | Telemarketing. |
| 650 #4 - SUBJECT ADDED ENTRY--TOPICAL TERM | |
| Topical term or geographic name entry element | Electronic commerce. |
| 650 #4 - SUBJECT ADDED ENTRY--TOPICAL TERM | |
| Topical term or geographic name entry element | Internet marketing |
| Withdrawn status | Lost status | Source of classification or shelving scheme | Damaged status | Not for loan | Home library | Current library | Date acquired | Total Checkouts | Full call number | Barcode | Date last seen | Copy number | Price effective from | Koha item type |
|---|---|---|---|---|---|---|---|---|---|---|---|---|---|---|
| CENTRAL | CENTRAL | 11/27/2022 | 658.872 F375 1997 | 1000000001169 | 11/27/2022 | C1 | 11/27/2022 | Book | ||||||
| CENTRAL | CENTRAL | 11/27/2022 | 658.872 F375 1997 | 1000000001170 | 11/27/2022 | C2 | 11/27/2022 | Book |
